[Event "Frydek Mistek op"]
[Site "Frydek Mistek"]
[Date "2012.04.08"]
[Round "8"]
[White "Samovojska, Damir"]
[Black "Remes, Radek"]
[Result "1-0"]
[WhiteElo "2257"]
[BlackElo "1963"]
[PlyCount "61"]
[EventDate "2012.04.05"]
[EventType "swiss"]
[EventRounds "9"]
[EventCountry "CZE"]
[SourceTitle "CBM 147 Extra"]
[Source "ChessBase"]
[SourceDate "2012.04.24"]
[SourceVersion "1"]
[SourceVersionDate "2012.04.24"]
[SourceQuality "1"]

1. d4 d5 2. Bg5 Nf6 3. Nd2 Nbd7 4. e3 h6 5. Bh4 a6 6. f4 c5 7. Ngf3 cxd4 8. exd4 Qb6 9. Bd3 Qxb2 10. Rb1 Qc3 11. 0-0 g6 12. Rb3 Qc7 13. f5 g5 14. Bg3 Qa5 15. Qe2 Nh5 16. Bd6 Ndf6 17. Re1 Qd8 18. Qe5 Rh7 19. h3 Nd7 20. Qxd5 Nhf6 21. Qc4 Nb6 22. Qc5 Nfd7 23. Qa5 f6 24. Rc3 Ne5 25. dxe5 exd6 26. exd6+ Kf7 27. Rc7+ Nd7 28. Qd5+ Kg7 29. Bc4 Bxd6 30. Qxd6 Rh8 31. Re7+ 1-0

[Event "Ostrava Konik op-B"]
[Site "Ostrava"]
[Date "2011.05.08"]
[Round "9"]
[White "Jarolim, Jan"]
[Black "Remes, Radek"]
[Result "0-1"]
[WhiteElo "1908"]
[BlackElo "1943"]
[PlyCount "54"]
[EventDate "2011.04.30"]
[EventType "swiss"]
[EventRounds "9"]
[EventCountry "CZE"]
[SourceTitle "CBM 142 Extra"]
[Source "ChessBase"]
[SourceDate "2011.06.27"]
[SourceVersion "1"]
[SourceVersionDate "2011.06.27"]
[SourceQuality "1"]

1. e4 c5 2. Nf3 d6 3. d4 cxd4 4. Nxd4 Nf6 5. Nc3 a6 6. Bc4 e6 7. 0-0 b5 8. Bb3 Be7 9. Kh1 Qc7 10. Bg5 Nc6 11. f4 h6 12. Bxf6 Bxf6 13. Ndxb5 axb5 14. Nxb5 Qb8 15. Nxd6+ Kf8 16. f5 Nd4 17. Nxc8 Nxb3 18. axb3 Rxa1 19. Qxa1 Qxc8 20. c3 exf5 21. exf5 Kg8 22. Qa7 Qe8 23. h3 Kh7 24. b4 Qb5 25. Rf3 Re8 26. Rf2 Bh4 27. Rf4 Bg3 0-1

[Event "Ostrava Konik op-B"]
[Site "Ostrava"]
[Date "2011.05.03"]
[Round "4"]
[White "Remes, Radek"]
[Black "Kolasin, Jan"]
[Result "1/2-1/2"]
[WhiteElo "1943"]
[BlackElo "1994"]
[PlyCount "100"]
[EventDate "2011.04.30"]
[EventType "swiss"]
[EventRounds "9"]
[EventCountry "CZE"]
[SourceTitle "CBM 142 Extra"]
[Source "ChessBase"]
[SourceDate "2011.06.27"]
[SourceVersion "1"]
[SourceVersionDate "2011.06.27"]
[SourceQuality "1"]

1. e4 e6 2. d4 d5 3. Nc3 Bb4 4. e5 c5 5. a3 Bxc3+ 6. bxc3 Ne7 7. Nf3 Nbc6 8. Be2 0-0 9. 0-0 Nf5 10. Be3 Nxe3 11. fxe3 Ne7 12. Qe1 c4 13. g4 Bd7 14. Qh4 Ng6 15. Qxd8 Raxd8 16. Rab1 Rb8 17. h4 b5 18. h5 Ne7 19. Kf2 a5 20. Ke1 Nc6 21. Kd2 b4 22. cxb4 axb4 23. axb4 Nxb4 24. Ra1 Nc6 25. Rfb1 Rxb1 26. Rxb1 Ra8 27. g5 Kf8 28. h6 Ne7 29. hxg7+ Kxg7 30. Rb7 Rd8 31. Nh2 Nf5 32. Ng4 Ng3 33. Bf3 Be8 34. Nf6 Kg6 35. Re7 Ba4 36. Ra7 c3+ 37. Kxc3 Rc8+ 38. Kb4 Bxc2 39. Kb5 Rf8 40. Ra2 Rb8+ 41. Kc6 Rc8+ 42. Kd7 Rc3 43. Ra8 Kxg5 44. Rg8+ Bg6 45. Nxh7+ Kh6 46. Nf6 Rxe3 47. Ng4+ Kh7 48. Nf6+ Kh6 49. Ng4+ Kh7 50. Nf6+ Kh6 1/2-1/2

[Event "Ostrava op"]
[Site "Ostrava"]
[Date "2010.05.02"]
[Round "2"]
[White "Remes, Radek"]
[Black "Matuszewski, Michal"]
[Result "0-1"]
[WhiteElo "1955"]
[BlackElo "2305"]
[PlyCount "58"]
[EventDate "2010.05.01"]
[EventType "swiss"]
[EventRounds "9"]
[EventCountry "CZE"]
[SourceTitle "EXT 2011"]
[Source "ChessBase"]
[SourceDate "2010.11.26"]
[SourceVersion "1"]
[SourceVersionDate "2010.11.26"]
[SourceQuality "1"]

1. d4 d5 2. c4 c6 3. cxd5 cxd5 4. Nf3 Nc6 5. Nc3 Bf5 6. Bf4 e6 7. e3 Nf6 8. Bb5 Qb6 9. 0-0 Be7 10. Ne5 0-0 11. Bxc6 bxc6 12. g4 Nxg4 13. Nxg4 Qxb2 14. Na4 Qb5 15. Nc3 Qa5 16. Nb1 f6 17. h4 h5 18. Nh6+ gxh6 19. Qxh5 Rf7 20. Qe2 Kh7 21. Nd2 Rg8+ 22. Kh2 Rg4 23. Bg3 Rfg7 24. Rg1 Bd6 25. f4 Qc3 26. Bf2 Bxf4+ 27. Kh1 Qxd2 28. Qxd2 Be4+ 29. Rg2 Rxg2 0-1

[Event "Ostrava op"]
[Site "Ostrava"]
[Date "1998.??.??"]
[Round "?"]
[White "Splichal, Stanislav"]
[Black "Remes, Radek"]
[Result "1-0"]
[WhiteElo "2130"]
[BlackElo "1985"]
[PlyCount "81"]
[EventDate "1998.??.??"]
[EventType "swiss"]
[EventRounds "10"]
[EventCountry "CZE"]
[SourceTitle "EXT 2006"]
[Source "ChessBase"]
[SourceDate "2005.11.24"]
[SourceVersion "1"]
[SourceVersionDate "2005.11.24"]
[SourceQuality "1"]

1. d4 Nf6 2. c4 g6 3. Nc3 d5 4. cxd5 Nxd5 5. e4 Nxc3 6. bxc3 Bg7 7. Bb5+ c6 8. Ba4 b5 9. Bb3 0-0 10. Ne2 Bb7 11. Be3 Nd7 12. 0-0 e6 13. Qd2 Qe7 14. Ng3 Nb6 15. Bg5 Bf6 16. Bxf6 Qxf6 17. e5 Qe7 18. Ne4 Kg7 19. Rae1 Nd7 20. f4 c5 21. Nd6 Bc6 22. f5 exf5 23. Rxf5 c4 24. Bc2 Kh8 25. Rff1 Nb6 26. Qh6 Qe6 27. Rf4 f5 28. Rxf5 Rxf5 29. Nxf5 Rg8 30. Rf1 gxf5 31. Qxe6 Rxg2+ 32. Kh1 Rg6+ 33. Qxc6 Rxc6 34. Bxf5 Rc7 35. Be4 Re7 36. Bc6 a6 37. Re1 Rc7 38. d5 Nc8 39. d6 Nxd6 40. exd6 Rxc6 41. d7 1-0

[Event "Ostrava op"]
[Site "Ostrava"]
[Date "1998.??.??"]
[Round "?"]
[White "Vysoglad, Petr"]
[Black "Remes, Radek"]
[Result "1-0"]
[WhiteElo "2100"]
[BlackElo "1985"]
[PlyCount "123"]
[EventDate "1998.??.??"]
[EventType "swiss"]
[EventRounds "10"]
[EventCountry "CZE"]
[SourceTitle "EXT 2006"]
[Source "ChessBase"]
[SourceDate "2005.11.24"]
[SourceVersion "1"]
[SourceVersionDate "2005.11.24"]
[SourceQuality "1"]

1. Nf3 c5 2. c4 Nf6 3. b3 g6 4. Bb2 Bg7 5. e3 Nc6 6. d4 cxd4 7. exd4 d5 8. Nbd2 0-0 9. Be2 e6 10. 0-0 a5 11. a3 Qe7 12. Ne5 Bd7 13. Rc1 Rfd8 14. f4 Be8 15. Bf3 Ra6 16. c5 Ne4 17. Nxe4 dxe4 18. Bxe4 Nxe5 19. fxe5 Bxe5 20. Qf3 Bxd4+ 21. Bxd4 Rxd4 22. Bxb7 Ra7 23. c6 Qc7 24. Qc3 Rd5 25. Qe3 Rxb7 26. cxb7 Qxb7 27. Rfd1 Rxd1+ 28. Rxd1 Qe7 29. a4 Bc6 30. Qb6 Bd5 31. Qb8+ Kg7 32. Qe5+ f6 33. Qc3 Qb7 34. Qxa5 Qxb3 35. Qc7+ Kh6 36. Qf4+ Kg7 37. Rf1 f5 38. Qd4+ Kh6 39. Rc1 Be4 40. Qd2+ Kh5 41. Qd1+ Qxd1+ 42. Rxd1 Bc2 43. Ra1 e5 44. a5 e4 45. a6 e3 46. a7 Be4 47. a8Q Bxa8 48. Rxa8 Kg4 49. Kf1 f4 50. Ke2 g5 51. Rf8 h5 52. Rf7 h4 53. Rf6 h3 54. gxh3+ Kxh3 55. Kf3 Kxh2 56. Rg6 Kg1 57. Rxg5+ Kf1 58. Rh5 Ke1 59. Rh1+ Kd2 60. Rh2+ Kd1 61. Re2 Kc1 62. Kxf4 1-0